000 00533 a2200181 4500
003 OSt
005 20240129134158.0
008 240129b |||||||| |||| 00| 0 eng d
020 _a9789388516204
040 _coclc
082 _a910.4
_bFIR/S
100 _aFiroos, Fazil
_910331
245 _aSafar:
_bMuslim Jeevithangaliloode Pala Yatrakal /
_cFazil Firoos
250 _a1st ed.
260 _aMalappuram:
_bBook Plus Publishers,
_c2019.
300 _a232p.
942 _2ddc
_cBK
_h910.4
_iFIR/S
_k910.4
_mFIR/S
999 _c43350
_d43350